000 00339 a2200157 4500
001 71551
020 _a
040 _cAnchieta - Colégio São Paulo
240 1 0 _aA festa dos ursinhos
_lpor
245 1 0 _aA festa dos ursinhos
300 _a13
362 0 _a0
440 1 _aÁtica
650 4 _aLiteratura infanto-juvenil
942 _cBK
999 _c71551
_d71551